000 00717nam a2200265Ia 4500
003 OSt
005 20220918163454.0
006 a|||||r|||| 00| 0
007 ta
008 220917b |||||||| |||| 00| 0 eng d
020 _a0030716926 (hbk)
024 _a10,760
037 _cTextual
040 _aARTS
_cARTS
_beng
041 _2eng
_aeng
082 _aY15-4(S), M5
100 _aBose Christine E.
_913310
245 0 _aJobs and gender
_b A study of occupational prestige
260 _aNew York
_bPraeger
_c1985
300 _axiv,206p
_ccm.
500 _aBibliography 195-202
650 _aSOCIOLOGY
942 _hY15-4(S), M5
_cTEXL
_2CC
999 _c119747
_d119747